000 00258nam a2200097Ia 4500
008 200302s9999 xx 000 0 und d
100 _aEugene M. & Other
245 _aOut Door Sketching In Door Painting
260 _bWalter T. Foster Publication
300 _a30 P.,
999 _c564
_d564